000 03907nam0a2200421 4500
001 RU\NLR\BIBL_A\012734890
005 20251126141040.0
010 _a978-5-7755-4457-7
_9500
021 _aRU
_bКН-П-21-086476
_9КН-П-21-6890
035 _a(NLR Aleph) 012734890
035 _a(RuMoRGB)010915235
090 _a12984271
_c12984271
100 _a20220321d2021 u y0rusy50 ca
101 0 _arus
102 _aRU
105 _aac z 000zy
181 0 _ai3
_baxxe
182 1 _an
200 1 _aТоннельные вмешательства в эндоскопии
_eпрактическое руководство, видеоатлас
_fК. В. Шишин, И. Ю. Недолужко
_gпод редакцией д. м. н. К. В. Шишина
_g[Московский клинический научный центр]
203 _aТекст
_bвизуальный
_cнепосредственный
210 _aМосква
_cВита-Пресс
_d2021
215 _a359, [4] с.
_cил., цв. ил., табл., портр.
_d26х30
300 _aНа обл. авт. не указаны
300 _aНа с. 6-7 авт.: ... К. В. Шишин, д-р мед. наук, проф., И. Ю. Недолужко, канд. мед. наук [и др.]
320 _aБиблиогр. в примеч. в конце глав
330 _aКнига посвящена современному передовому направлению оперативной эндоскопии - тоннельным вмешательствам. Это сравнительно новый тип операций, который стал развиваться п связи с внедрением в клиническую практику пероральной эндоскопической миотомии при лечении ахалазии кардии. В последующем технология получила распространение и послужила основой для разработки новых эндоскопических методов лечения нервно-мышечных заболеваний пищевода и удаления эпителиальных и подслизистых новообразований желудочно кишечного тракта. Обширная общая часть посвящена организации и обучению оперативной эндоскопии, особенностям анестезиологического обеспечения, основам работы с электрохирургическим оборудованием и многим другим вопросам, которые сопряжены с безопасным внедрением новых эидоскопических технологий. Издание предназначено для эндоскопистов, хирургов, гастроэнтерологов, онкологов, врачей общей практики, а также может быть использовано п обучении студентов
606 1 _aЭндоскопия
_jАтласы
_xПрименение в хирургии желудочно-кишечного тракта
_92509169
_3RU\NLR\AUTH\6601702708
675 _a616-072.1(084)
_v4
686 1 _aР457.445.3-89я61
686 1 _aР457.465.3я61
700 1 _aШишин
_bК. В.
_gКирилл Вячеславович
701 1 _aНедолужко
_bИ. Ю.
_gИван Юрьевич
712 0 2 _4570
_aМосковский клинический научно-практический центр им. А. С. Логинова
_9766598
_3RU\NLR\AUTH\880550451
942 _cBOOK
980 _aNB